000
00304nam a22001337a 4500
008
181122b xxu||||| |||| 00| 0 eng d
020
_a
9780205651719
041
_a
eng
080
_2
11 TH
_a
370
100
_a
49
101
_a
EDU
245
_a
The Litle Brown Handbook
_c
Aroom.j e
942
_2
udc
_c
BK
999
_c
52313
_d
52313